000
00340 a2200157 4500
001
191135
020
_a
978-85-360-1162-2
040
_c
Magnum
100
_a
Aguiar, Luiz Antonio
240
1
0
_a
Sonetos nas trevas
_l
por
245
1
0
_a
Sonetos nas trevas
300
_a
152
362
0
_a
2013
697
_a
LITERATURA JUVENIL
942
_c
BK
999
_c
191135
_d
191135